01426nab a22002417a 4500003000400000005001700004008004100021040000700062100002900069245008900098260007300187300001500260500007200275505048400347505008900831650002900920650002600949650001100975650001300986650001500999650003701014773013301051OSt20251226233657.0190603e xxum|||| |||| 00| 0 spa d cPJ aMüller, Enrique Carlos10aFunción preventiva. Nuevas tecnologías y medicina actual /cEnrique C. Müller. cCiudad Autónoma de Buenos Aires :aThomson Reuters La Ley, b2025. ap. 137-147 aCita: TR LALEY AR/DOC/1774/2025 Publicado en: RCCyC 2025 (agosto). aSumario: I. La función preventiva. Noción.— II. El deber de prevención. El daño justificado e injustificado.— III. La acción preventiva.— IV. Cuestiones procesales.— V. El desarrollo científico contemporáneo. Regularidades y tendencias al servicio de la medicina moderna.— VI. La medicina de este siglo.— VII. Cuál es el impacto de la tecnología en este campo.— VIII. La singularidad de la IA.— IX. La importancia de la prevención del daño.  t¿Te interesa el texto completo? Solicitalo al correo: koha@justierradelfuego.gov.ar 0aCODIGO CIVIL Y COMERCIAL 0aRESPONSABILIDAD CIVIL 0aDAÑO 0aMEDICINA 0aBIOÉTICA 0aDEBER DE PREVENCIÓN DEL DAÑO0 02713dCiudad Autónoma de Buenos Aires : Thomson Reuters La Ley, 2015-tRevista Código Civil y Comercial. Nº 4 - Agosto 2025